000 00969nam a2200337 a 4500
003 AR-BaBNM
005 20251128210853.0
008 082120s2002 ||||||||||||||000 | spa||
020 _a987-00670-4
040 _cAR-BaBNM
245 0 0 _aIntegración escolar
260 _aBuenos Aires
_bFundación Infancias
_bFundación Descartes
_bAtuel
_c2000
300 _a215 p.
490 0 _aTemas cruciales
_vv. 2
500 _aContiene referencias bibliográficas
650 4 _aEDUCACION ESPECIAL
650 4 _aINTEGRACION ESCOLAR
650 4 _aINTEGRACION SOCIAL
650 4 _aEDUCACION DE ADULTOS
651 4 _aArgentina
653 _aEDUCACION PRIMARIA
653 _aEDUCACION SECUNDARIA
653 _aEXPERIENCIAS EDUCATIVAS
653 _aDISCAPACIDAD MOTORA
653 _aDISCAPACIDAD MENTAL
700 1 _aRé, Susana
_ecompilador
700 1 _aLeserre, Aníbal
_edirector
800 1 _aLeserre, Aníbal
_edirector
942 _cBK
998 _cRAQUEL
999 _c17246
_d17246